| 000 | 00828nam a2200253 i 4500 | ||
|---|---|---|---|
| 001 | 16275 | ||
| 003 | ES-MaACL | ||
| 005 | 20230906151258.0 | ||
| 007 | t| | ||
| 008 | 000823s1999 sp ||||1| spa d | ||
| 020 | _a84-211-230-9 | ||
| 080 | _a821.111-31"18" | ||
| 100 | 1 |
_aPolidori, John William. _992825 |
|
| 245 | 1 | 0 |
_aErnestus Berchtold o El moderno Edipo ; seguido del Diario de Villa Diodati / _cJohn Polidori ; introducción y notas, Roberto Cueto. |
| 260 |
_aMadrid : _bCeleste, _c[1999] |
||
| 300 |
_a166 p. ; _c22 cm. |
||
| 490 | 1 |
_aLetra celeste. Infernaliana ; _v3 |
|
| 700 | 1 |
_aCueto, Roberto. _942079 |
|
| 740 | 3 | _aEl diario de Villa Diodati. | |
| 740 | 3 | _aEl moderno Edipo. | |
| 830 | 0 |
_aLetra celeste. Infernaliana ; _v3 _9228638 |
|
| 852 |
_aES-MaACL _jL-23497 _bR.128469 |
||
| 999 |
_c16275 _d16275 |
||